Brad Pitt Movies - Sudden Death - Statistics

General Stats
  • This quiz has been taken 30,250 times
  • The average score is 12 of 22
Answers on the Grid
Answers color-coded by a green-red scale on the quiz's grid according to % correct below.
12 Monkeys
12 Years a Slave
Babel
Bullet Train
Burn After Reading
Cats
Clear and Present Danger
F1: The Movie
Fight Club
Frost/Nixon
Fury
Get Him to the Greek
Heat
Inglourious Basterds
Interview with the Vampire
Legends of the Fall
Master and Commander
Meet Joe Black
Moneyball
Mr. & Mrs. Smith
Ocean's Eleven
Ocean's Thirteen
Ocean's Fifteen
Ocean's Prime
Once Upon a Time in Hollywood
Pushing Tin
Se7en
Snatch
The Big Short
The Fighter
The Talented Mr. Ripley
Tomorrowland
Wag the Dog
Troy
We Bought A Zoo
World War Z
 
Answer Stats
Answer % Correct
Fight Club
85%
Inglourious Basterds
75%
Mr. & Mrs. Smith
75%
Ocean's Eleven
75%
F1: The Movie
69%
Se7en
69%
Once Upon a Time in Hollywood
68%
Ocean's Thirteen
67%
Bullet Train
65%
Troy
60%
Moneyball
57%
Meet Joe Black
56%
World War Z
56%
12 Monkeys
53%
Fury
50%
Interview with the Vampire
48%
Snatch
43%
Legends of the Fall
36%
Burn After Reading
35%
12 Years a Slave
34%
Babel
34%
The Big Short
28%
No matching quizzes found
Score Distribution
Percent of People with Each Score
Percentile by Number Answered
Your Score History
You have not taken this quiz